LIBRARY & INFORMATION CENTRE, KCAET, TAVANUR

ONLINE PUBLIC ACCESS CATALOGUE (OPAC)

Manusyan Engine Mahasakthanayi / (Record no. 333)

MARC details
000 -LEADER
fixed length control field 00354cam a2200133ua 4500
082 ## - DEWEY DECIMAL CLASSIFICATION NUMBER
Classification number 301
Item number ILY/MA
100 ## - MAIN ENTRY--AUTHOR NAME
Personal name Ilyn, M .
245 ## - TITLE STATEMENT
Title Manusyan Engine Mahasakthanayi /
250 ## - EDITION STATEMENT
Edition statement 1 /
260 ## - PUBLICATION, DISTRIBUTION, ETC. (IMPRINT)
Place of publication Thiruvananthapuram :
Name of publisher Prabhatham Printing & Publishing Co. Pvt. Ltd. ,
Year of publication 1966.
300 ## - PHYSICAL DESCRIPTION
Number of Pages 284 ; .
700 1# - ADDED ENTRY--PERSONAL NAME
Personal name Segal, .
942 ## - ADDED ENTRY ELEMENTS (KOHA)
Koha item type Books
Holdings
Withdrawn status Lost status Damaged status Home library Current library Date acquired Full call number Accession Number Koha item type
Withdrawn     KAUAET Malayalam University 07/04/2012 301 11241 Books
free website counter